000
00274nam a22001097a 4500
082
_a
355.02 KHA'K
100
_a
KHAN, AMIR AFZAL RETD MAJOR
_9
75518
245
_a
KALASVITZ AUR JANG PART-1
260
_a
RAWALPINDI
_b
ARMY EDUCATION PRESS
_c
1982
300
_a
369P
942
_c
BK
999
_c
580918
_d
580918